000 00812cam a2200241 4500
001 WB3710-37
008 000000n2001 000 0 eng u
035 _a(Sirsi) u111315
245 _aOpportunity missed on regeneration VAT
260 _c2001
490 _aRICS Press Release
_v(pr036) 7 March 2001, (1)
520 _aRICS has alleged that the Chancellor missed a valuable opportunity in the Budget to boost urban regeneration, by not harmonising the rates of VAT applicable to brownfield development.
590 _aWB
650 _aROYAL INSTITUTION OF CHARTERED SURVEYORS
650 _aVALUE ADDED TAX
650 _aBROWNFIELD DEVELOPMENT
650 _aURBAN REGENERATION
650 _aFISCAL POLICY
650 _aTAXATION
650 _aBUDGET 2001
690 _aREGENERATION
942 _n0
999 _c66331
_d66331